Central Library OPAC University of Rajshahi

A reference library: (Record no. 14354)

MARC details
000 -LEADER
fixed length control field 00777nam a2200241 a 4500
001 - CONTROL NUMBER
control field 14354
003 - CONTROL NUMBER IDENTIFIER
rucl marc code BD-RjUL
005 - DATE AND TIME OF LATEST TRANSACTION
control field 20211208235620.0
008 - FIXED-LENGTH DATA ELEMENTS--GENERAL INFORMATION
fixed length control field 970326s1927 enk b 000 0 eng
035 ## - SYSTEM CONTROL NUMBER
System control number (BD-RjUL)14406
040 ## - CATALOGING SOURCE
Original cataloging agency DLC
Transcribing agency CarP
Modifying agency DLC
-- BD-RjUL
Language of cataloging eng
041 ## - LANGUAGE CODE
Language code of text/sound track or separate title eng
082 ## - DEWEY DECIMAL CLASSIFICATION NUMBER
Edition number 23
Classification number 016.85
Author mark and year REF 1927
245 12 - TITLE STATEMENT
Title A reference library:
Remainder of title English language and literature.
250 ## - EDITION STATEMENT
Edition statement 2nd ed.
260 ## - PUBLICATION, DISTRIBUTION, ETC. (IMPRINT)
Place of publication, distribution, etc. Oxford :
Name of publisher, distributor, etc. Oxford university press
Date of publication, distribution, etc. 1927.
300 ## - PHYSICAL DESCRIPTION
Pagination 31, [1] p.
Size 25 cm.
490 ## - SERIES STATEMENT
Series statement The English Association ;
Volume/sequential designation Pamphlet No. 66
650 #0 - SUBJECT ADDED ENTRY--TOPICAL TERM
Topical term or geographic name as entry element English philology
General subdivision Reference books
-- Bibliography.
9 (RLIN) 221974
Topical term or geographic name as entry element Bibliography
General subdivision English Literature
9 (RLIN) 221975
830 ## - SERIES ADDED ENTRY--UNIFORM TITLE
Uniform title The English Association ;
Volume number/sequential designation Pamphlet No. 66
942 ## - ADDED ENTRY ELEMENTS (KOHA)
Source of classification or shelving scheme Dewey Decimal Classification
Koha item type Reference
Holdings
Lost status Source of classification or shelving scheme Damaged status Not for loan Collection code Permanent Location Current Location Shelving location Date acquired Source of acquisition Cost, normal purchase price Total Checkouts Full call number Date last seen Copy number Koha item type
  Dewey Decimal Classification   Not For Loan Reference Central Library, University of Rajshahi Central Library, University of Rajshahi   18/11/1957 Oxford University Press, Dacca 4.10   R 016.82 REF 1927 29/07/2018 C-1 Reference